00545nam a2200169Ia 4500008004100000020001800041041000800059082001800067100002700085245004100112250000600153260003700159300001300196650001500209999001900224952013200243210716s2012 xx 000 0 und d a9788177228502 aeng a004.0285 SHRN aShrivastava, Niranjan. aComputer applications in management. a1 aNew DelhibDreamtech Pressc2012 axxiv,659 aMANAGEMENT c194889d194889 001040708MCAaAIMITbAIMITeKnowledge Worldg499.00l0o004.0285 SHRNpMCA14397r2025-07-21 00:00:00v374.25w2021-07-16yBK